000 00787nam a22002777a 4500
001 BR0301394
003 BR-BrBNA
005 20230928101248.0
007 ta
008 230509b bl.||||| |||| 00| 0 por d
040 _aBR-BrBNA
_bpor
_cBiblioteca Nacional de Agricultura
041 _a(Por)
072 _aE40; C10
090 _ E40 BR0301394
100 1 _aSchneider, J.O.(org.)
110 1 _aServiço Nacional de Aprendizagem do Cooperativismo, Brasília, DF (Brasil)
_99445
245 1 _aEducação cooperativa e suas práticas
260 3 _aBrasília, DF (Brasil):
_c2003.
300 _a256 p.
650 _aCOOPERATIVISMO
650 _aEDUCAÇÃO COOPERATIVA
650 _aZONA RURAL
650 _aZONA URBANA
909 _a202309
_bLucia
_c55
_dLucia Elande
942 _cBK
999 _c64979
_d64979